Country Flags From 1850 - Statistics

General Stats
  • This quiz has been taken 47 times
  • The average score is 9 of 16
Answer Stats
Picture Answer % Correct
Portugal
89%
Brazil
86%
Argentina
78%
Australia
78%
Poland
75%
New Zealand
64%
Egypt
58%
Ukraine
58%
Bolivia
56%
Monaco
47%
Romania
44%
Andorra
39%
Morocco
33%
Brunei
22%
Liechtenstein
22%
Maldives
8%
No matching quizzes found
Score Distribution
Percent of People with Each Score
Percentile by Number Answered
Your Score History
You have not taken this quiz